| 000 | 00837nam a22001817a 4500 | ||
|---|---|---|---|
| 999 |
_c59157 _d59157 |
||
| 003 | Ge_BSU | ||
| 005 | 20221201114930.0 | ||
| 008 | 221201s1980ge xxu||||| |||| 00| 0 geo d | ||
| 041 | _ageo | ||
| 080 | _a821.353.1.09 მ-57 | ||
| 100 |
_aმერკვილაძე, გიორგი, ავტ. _916273 |
||
| 245 |
_aშთაგონება მხატვრისა / _c გიორგი მერკვილაძე, რედ. ლ. არაბიძე. |
||
| 264 |
_aთბილისი : _bმერანი, _c1980. |
||
| 300 |
_a324 გვ. ; _b21 სმ. |
||
| 653 | _aლიტერატურის ისტორია და კრიტიკა -- ქართული ლიტერატურა. | ||
| 700 |
_aარაბიძე, ლ _eრედაქტორი _94164 |
||
| 942 |
_2udc _cBK |
||